| 000 | 00546nam a2200217Ia 4500 | ||
|---|---|---|---|
| 003 | OSt | ||
| 005 | 20220924133207.0 | ||
| 006 | a|||||r|||| 00| 0 | ||
| 007 | ta | ||
| 008 | 220923b |||||||| |||| 00| 0 ara d | ||
| 024 | _a259446 | ||
| 037 | _cTextual | ||
| 040 |
_aARTS _cARTS _bara |
||
| 041 |
_2ara _aara |
||
| 082 | _aO28,2M98:g, K0 | ||
| 100 |
_aMohammad Mandoor _9205835 |
||
| 245 | 0 | _aMisrah Taufiq Al Hakim | |
| 260 | _c1960 | ||
| 942 |
_hO28,2M98:g, K0 _cTEXL _2CC |
||
| 999 |
_c432910 _d432910 |
||